Stati per età minima al primo matrimonio - Europa - Statistics

Statistiche generali
  • Questo quiz è stato fatto 25 volte
  • Il punteggio medio è 7 su 10
Statistiche sulle risposte
Età media al primo matrimonio (anni) Nazione % Corretto
29,4 Albania
88%
27,5 Moldavia
80%
27,3 Ucraina
80%
28 Polonia
76%
28,2 Bosnia ed Erzegovina
68%
27,2 Bielorussia
64%
29,5 Lituania
64%
28,3 Macedonia del Nord
60%
29,6 Montenegro
60%
29,5 Malta
48%
Nessun quiz corrispondente trovato
Distribuzione punteggi
Percentuale di utenti per punteggio
Percentile per numero di risposta
I tuoi punteggi nel tempo
Non hai fatto questo quiz